[Event "Dresden ZMD op 22nd"]
[Site "Dresden"]
[Date "2013.08.14"]
[Round "5"]
[White "Greenfeld, Alon"]
[Black "Meier, Georg"]
[Result "0-1"]
[WhiteElo "2552"]
[BlackElo "2610"]
[Annotator "CB"]
[PlyCount "78"]
[EventDate "2013.08.10"]
[EventType "swiss"]
[EventRounds "9"]
[EventCountry "GER"]
[SourceTitle "CBM 155 Extra"]
[Source "ChessBase"]
[SourceDate "2013.08.26"]
[SourceVersion "1"]
[SourceVersionDate "2013.08.26"]
[SourceQuality "1"]

1. c4 c5 2. Nf3 Nf6 3. Nc3 Nc6 4. g3 d5 5. cxd5 Nxd5 6. Bg2 g6 7. Qb3 ({
Zur Hauptvariante führt} 7. O-O Bg7 8. Nxd5 Qxd5 9. d3 O-O 10. Be3 Bxb2 11.
Rb1 Bf6 12. Qa4 Qd7 13. Bxc5 b6 14. Bxb6 Nd4 15. Qd1 axb6 16. Nxd4 Rxa2 17. Qb3
Rd2 18. Qb4 Ra2 19. Qb3 Rd2 20. Qb4 Ra2 {1/2-1/2 (20) Nakamura,H (2708)-Leko,P
(2739) Wijk aan Zee 2010}) 7... e6 8. O-O Bg7 9. Qc4 b6 ({Die Alternative} 9...
Qe7 {wurde bisher nie gespielt.}) 10. d4 $6 ({Weniger aktiv ist} 10. d3 O-O 11.
Bg5 Qd7 12. Rac1 Bb7 13. Qh4 Nde7 14. g4 f6 15. Bd2 e5 16. Ne4 Nd5 17. Bh3 Rae8
18. a3 Nd8 19. Rfd1 Ne6 20. e3 Rd8 21. Qg3 Kh8 22. g5 f5 23. Nxe5 Qe7 24. Nf6
Nxf6 25. gxf6 Bxf6 26. Bc3 Ng7 27. Bg2 Bxg2 28. Kxg2 Nh5 29. Nc6 Qe8 30. Qf3
Rd6 31. Nxa7 Bxc3 32. Rxc3 Rf7 33. d4 Rxa7 34. dxc5 Rxd1 35. Qxd1 bxc5 36. Rxc5
Nf6 37. Qc1 Qe4+ 38. f3 Qd3 39. Kf2 Qd6 40. Qc3 Qxh2+ {0-1 (40) Garcia
Gonzales,G (2490)-Dzindzichashvili,R (2595) Wijk aan Zee 1979}) 10... cxd4 (
10... O-O 11. Rd1 Nxc3 12. bxc3 Na5 13. Qd3 Bb7 14. e4 cxd4 15. cxd4 Rc8 16.
Bg5 Qd7 17. h4 Qa4 18. Qe3 Qc2 19. Re1 Nc4 20. Qf4 Nb2 21. Bf1 f6 22. Bh6 e5
23. Qe3 Rc3 24. Qc1 Bxh6 25. Qxh6 Rxf3 26. Re2 Qc7 27. Rxb2 exd4 28. Rd1 Rd8
29. Rb4 Qc2 30. Rd2 Qc5 31. Rc4 Qf8 32. Qxf8+ Kxf8 33. Rc7 Bxe4 34. Bg2 Rd3 35.
Re2 Rd1+ 36. Kh2 Bxg2 37. Kxg2 Re8 38. Rxe8+ Kxe8 39. Rxa7 d3 40. Ra3 Ke7 41.
Kf3 Rd2 42. Ke3 Re2+ {1/2-1/2 (42) Raicevic,V (2470)-Lengyel,L (2415) Stip 1977
}) 11. Nxd5 ({Zugunsten von Schwarz ist} 11. Qxc6+ Bd7 12. Qc4 dxc3 {z.B.:} 13.
Qb3 Rc8 14. e4 cxb2 15. Bxb2 Nc3 $17 {mit Mehrbauer und bessere Stellung.})
11... Qxd5 12. Nd2 {Die Neuerung.} ({Vor 33 Jahren geschah} 12. Qa4 Bd7 13. Ng5
Qa5 14. Qxa5 bxa5 15. Ne4 Ke7 16. Bg5+ f6 17. Bd2 Rab8 18. b3 Rhc8 19. Rfc1 Nb4
20. Nc5 Bb5 21. Nb7 Bxe2 22. Nxa5 Nc2 23. Rab1 Bb5 24. a4 Bd7 25. Be4 d3 26.
Bxd3 Nd4 27. Be3 f5 28. Rd1 e5 29. Bxd4 exd4 30. Re1+ Kf6 31. Nc4 Bf8 32. Ne5
Be8 33. f4 Bb4 34. Re2 Bc3 35. Bc4 Rc7 36. Rd1 Bc6 37. Nxc6 Rxc6 38. Kf1 Rd6
39. Re5 Rbd8 40. Rd3 a5 41. Ke2 R8d7 42. Re8 Rd8 43. Re5 h5 44. Kd1 Rh8 45. h4
Rh7 46. Rf3 Re7 47. Rxe7 Kxe7 {1/2-1/2 (47) Szabo,L (2505)-Rivas Pastor,M 
(2375) Medina del Campo 1980}) 12... Qxc4 13. Nxc4 {Weiß hat Kompensation
für den Bauern.} Bd7 ({Houdini gefiel} 13... Kd7 {mit der möglichen
forcierten Folge} 14. Bf4 Ba6 15. Rac1 Rac8 16. Nd6 e5 17. Nxf7 Rhf8 18. Bxc6+
Rxc6 19. Nxe5+ Bxe5 20. Bxe5 Bxe2 21. Rxc6 Kxc6 22. Rc1+ Kd5 23. f4 {und
aktiverer schwarzer Position.}) 14. Bf4 O-O 15. Rac1 {Droht Sd6.} d3 16. exd3
Nd4 17. Rfe1 ({Oder} 17. Bxa8 Ne2+ 18. Kg2 Nxc1 19. Be4 Ne2 20. Be5 $11) 17...
Rac8 18. Kf1 (18. Ne5 $2 Rxc1 19. Bxc1 (19. Rxc1 Ne2+) 19... Bxe5 20. Rxe5 Rc8
21. Bh6 f6 $17) (18. b3 $5 {mit der Idee} b5 19. Ne5 Rxc1 20. Bxc1 Bxe5 21.
Rxe5 Rc8 22. Bb2) 18... Bb5 19. Red1 Ba6 {Schwarz übenimmt nun die Initiative.
} 20. Ke1 Rfd8 21. h4 h6 22. b3 f6 23. Be3 Bf8 24. Kf1 Nf5 25. Kg1 Rc7 26. Be4
Rcd7 27. Kh2 Kg7 ({Möglich war auch} 27... Nxe3 28. Nxe3 (28. fxe3 Bxc4 29.
Rxc4 f5 $19) 28... f5 29. Bg2 Bxd3 $17) 28. Re1 Bb4 29. Re2 Be7 ({Stark war} 
29... Nxe3 30. fxe3 (30. Nxe3 f5 31. Bc6 Rc7 $19) 30... f5 31. Bg2 Rxd3) 30.
Rce1 Bb4 31. Rc1 $2 ({Besser} 31. Bd2 Bxd2 32. Rxd2 Nd4 33. f4 $15) 31... Nxe3
32. fxe3 (32. Nxe3 f5 $19) 32... b5 (32... f5 $1 33. Bg2 Rxd3 34. Ne5 R3d5 $19)
33. Nb2 f5 34. Bg2 e5 35. Rc6 Bb7 36. Re6 e4 37. dxe4 Rd2 38. Rxd2 Rxd2 {
Fängt den Springer.} 39. Kh3 Rxb2 0-1

[Event "Rostov on Don FIDE GP (Women)"]
[Site "Rostov on Don"]
[Date "2011.08.12"]
[Round "9"]
[White "Kovalevskaya, Ekaterina"]
[Black "Koneru, Humpy"]
[Result "1-0"]
[WhiteElo "2427"]
[BlackElo "2614"]
[Annotator "CB"]
[PlyCount "51"]
[EventDate "2011.08.02"]
[EventType "tourn"]
[EventRounds "11"]
[EventCountry "RUS"]
[EventCategory "12"]
[SourceTitle "CBM 144"]
[Source "ChessBase"]
[SourceDate "2011.09.16"]
[SourceVersion "1"]
[SourceVersionDate "2011.09.16"]
[SourceQuality "1"]

1. e4 c5 2. Nf3 e6 3. c4 {This leads to an irregular game in what started out
to be a Sicilian.} Nc6 4. Nc3 Nf6 5. Be2 Qb6 6. O-O Be7 7. d3 O-O 8. a3 Rd8 9.
Bg5 h6 10. Bh4 g5 11. Bg3 d5 12. Na4 Qa5 13. b4 cxb4 14. axb4 Bxb4 15. exd5
exd5 16. d4 dxc4 17. Bxc4 Bg4 18. Qb3 Bxf3 19. Qxf3 Be7 20. d5 Nxd5 21. Rfb1 {
White has invested two pawns in the attack, but it is unclear whether she is
going to be able to make anything from it.} Ncb4 $4 {A present from Black, who
was holding out okay until now.} 22. Nc3 Qc5 23. Rxb4 Nf4 ({One wonders: did
Humpy overlook this:} 23... Nxb4 24. Qxf7+) 24. Bxf4 Qxb4 25. Bxf7+ Kh7 ({
Naturally} 25... Kxf7 26. Bd6+) 26. Be5 1-0

[Event "Bazna Kings 3rd"]
[Site "Bazna"]
[Date "2009.06.24"]
[Round "9"]
[White "Gelfand, Boris"]
[Black "Shirov, Alexei"]
[Result "1/2-1/2"]
[WhiteElo "2733"]
[BlackElo "2745"]
[Annotator "CB"]
[PlyCount "141"]
[EventDate "2009.06.14"]
[EventType "tourn"]
[EventRounds "10"]
[EventCountry "ROU"]
[EventCategory "20"]
[SourceTitle "CBM 131"]
[Source "ChessBase"]
[SourceDate "2009.07.15"]
[SourceVersion "1"]
[SourceVersionDate "2009.07.15"]
[SourceQuality "1"]

1. Nf3 Nf6 2. c4 g6 3. Nc3 d5 4. cxd5 Nxd5 5. g3 Bg7 6. Bg2 O-O 7. O-O c5 8.
Nxd5 Qxd5 9. d4 cxd4 10. Be3 Rd8 11. Nxd4 Qh5 12. Qc2 Bxd4 {A new move.
Previously Black played 12...e5.} 13. Bxd4 Nc6 14. Bc3 Bh3 15. Bxc6 bxc6 16.
Rfd1 Qf5 17. Qxf5 Bxf5 {#} 18. Bb4 Kf8 19. Rdc1 a5 20. Ba3 Rd2 21. Kf1 Rc2 22.
f3 (22. Rxc2 Bxc2 23. Rc1 Be4 24. f3 Bd5 25. e4 Bxa2 $11) 22... Rxc1+ 23. Rxc1
Ra6 24. Bc5 Be6 25. a3 Ke8 ({Better is} 25... h5 {removing the potentially
weak pawn from h7.}) 26. g4 $1 Ra8 27. Bd4 Rd8 ({There was nothing wrong with} 
27... Kd7) 28. Bb6 Rb8 29. Bxa5 Rxb2 30. Rxc6 Bd7 31. Rc3 Bb5 32. Re3 Kd7 33.
Bb4 e6 34. g5 $1 Kc6 35. Re5 Rc2 36. Kf2 Ba6 37. Be7 Bb5 38. Bf8 Kb6 39. Bb4
Kc6 40. h4 Ba6 41. Bf8 Bb5 42. Be7 Kb6 43. Re4 Rc4 44. Rxc4 Bxc4 {# In spite
of White's extra pawn the endgame is a draw due to the opposite-coloured
bishops.} 45. e4 Bb3 46. Ke3 Bd1 47. f4 Bc2 ({Necessary was} 47... e5 {with an
easy draw:} 48. fxe5 ({or} 48. f5 Kc6) 48... Bc2 49. Kd4 Kc6) 48. Kd4 Kc6 49.
Ke5 Kd7 50. Kf6 Ke8 51. e5 Bb3 52. Bb4 Bc2 53. Kg7 Ba4 54. Kxh7 Bc2 55. Kg7 Bb3
56. Kf6 Bc2 57. Bd6 $1 Bb3 {# White to play and win} 58. a4 $2 (58. f5 $3 {
White gives up all (!) his kingside pawns, wins the bishop and then it does
not allow the opponent's king to come to a8:} exf5 (58... gxf5 59. h5) 59. e6
Bxe6 (59... fxe6 60. Kxg6) 60. h5 gxh5 61. g6 fxg6 62. Kxe6 {Both opponents
saw this idea, but they both thought it's a draw because the a8 is "wrong"
coloured corner. Gelfand calculated this line with the bishop on e7 instead of
d6, when indeed it doesn't work because of f5-f4.} Kd8 63. Kd5 Kc8 64. Kc6 {
# The point of the entire idea: black king is cut from square a8!} g5 65. a4 f4
66. a5 f3 67. a6 f2 68. a7 f1=Q 69. a8=Q#) 58... Bxa4 59. f5 Bc2 60. fxe6 fxe6
61. Kxe6 Bb3+ 62. Kf6 Bc2 {White is two pawns up, but it's a draw.} 63. e6 (63.
h5 gxh5 64. g6 h4 65. g7 Bh7 {this is a draw even without Black's h-pawn.})
63... Bd3 64. Bg3 Bc2 65. h5 gxh5 66. g6 Bd3 67. Bh4 Kf8 68. e7+ Ke8 69. Kg7
Bc2 70. Kh6 Bb3 71. Kxh5 {#} ({White cannot win:} 71. Kxh5 Ba2 72. Kh6 Bb3 73.
Kh7 Bc2 74. Kh6 Bb3 75. g7 Bg8 76. Kg6 Kd7 {and then back to e8.}) 1/2-1/2

[Event "Capablanca Memorial Elite 44th"]
[Site "Havana"]
[Date "2009.06.09"]
[Round "2"]
[White "Meier, Georg"]
[Black "Timofeev, Artyom"]
[Result "1-0"]
[WhiteElo "2641"]
[BlackElo "2677"]
[Annotator "CB"]
[PlyCount "57"]
[EventDate "2009.06.08"]
[EventType "tourn"]
[EventRounds "10"]
[EventCountry "CUB"]
[EventCategory "17"]
[SourceTitle "CBM 131"]
[Source "ChessBase"]
[SourceDate "2009.07.15"]
[SourceVersion "1"]
[SourceVersionDate "2009.07.15"]
[SourceQuality "1"]

1. Nf3 c5 2. c4 Nf6 3. Nc3 d5 4. cxd5 Nxd5 5. g3 Nc6 6. Bg2 Nc7 {Das
Rubinstein-System gilt als sehr solide. Schwarz spielt analog zu einem
ähnlichen Manöver im Maroczy-System (Sd4-c2). Nach e7-e5 soll der Springer
über e6 nach d4 geführt werden.} 7. a3 {Das wird selten gespielt. Weiß will
sofort am Damenflügel aktiv werden und nutzt dabei aus, dass Schwarz noch
schlecht entwickelt ist.} ({Die viel gespielte Hauptvariante entsteht nach} 7.
O-O e5 8. d3 Be7 9. Nd2 Bd7 10. Nc4 f6 ({Oder} 10... O-O 11. Bxc6 Bxc6 12. Nxe5
Be8 {mit Kompensation für den Bauern.}) 11. f4 (11. Be3 O-O 12. Qb3 {1/2-1/2
Miton,K (2636)-Timofeev,A (2658)/Skanderborg 2005/CBM 110}) 11... b5 12. Bxc6
Bxc6 13. Na5 Bd7 14. fxe5 Ne6 15. Nb7 Qb6 16. Nd6+ Bxd6 17. exd6 Qxd6 18. Ne4
Qe7 19. a4 bxa4 20. b3 O-O 21. bxa4 f5 22. Nc3 Bc6 23. e3 Rad8 24. Qe2 Qd7 25.
Bb2 Qxd3 26. Rfd1 Qxe2 27. Nxe2 Ng5 28. Nf4 Rfe8 29. h3 Kf7 30. Nd3 Rd5 31. h4
Nf3+ 32. Kf2 Red8 {0-1 Ree,H (2430)-Polugaevsky,L (2640)/Amsterdam 1972/MCL})
7... e5 8. b4 {Der Angriff basiert auf dem ungedeckten Bauer e5, der
Möglichkeit zu Da4 und der Demaskierung des Lg2 nach Sxe5.} f6 (8... cxb4 9.
axb4 {bringt Weiß in Vorteil.} Bxb4 (9... Nxb4 $2 10. Nxe5 {mit der hässlichen
Drohung Da4+}) 10. Nxe5 Bxc3 (10... Nxe5 11. Qa4+ Nc6 12. Bxc6+ bxc6 13. Qxb4)
11. Nxc6 bxc6 12. dxc3 (12. Bxc6+ Bd7 13. Bxd7+ Qxd7 14. dxc3 Qc6 15. Qa4 Nb5
16. O-O O-O 17. c4 Nd4 18. Qxc6 Nxc6 {1-0 Czech,L (2160)-Heimerdinger,J/Kassel
1998/EXT 1999 (75)}) 12... Qxd1+ 13. Kxd1 {Mit weißem Vorteil: die schwarzen
Bauern a7 und c6 sind schwach.}) 9. Rb1 cxb4 10. axb4 a6 ({Nun ist} 10... Bxb4
{wohl möglich, wurde aber noch nie gespielt.} 11. Nxe5 fxe5 12. Bxc6+ bxc6 13.
Rxb4 O-O {usw.}) 11. O-O Be7 12. b5 (12. Na4 Ne6 $11) 12... axb5 13. Nxb5 Nxb5
14. Rxb5 O-O {Schwarz ist mit einem schwachen Bauer auf b7 aus der Eröffnung
gekommen.} 15. d3 Ra5 16. Qb3+ Kh8 17. Be3 Be6 18. Qb1 Ra2 19. Re1 Na5 20. d4
$1 {Damit verlagert Weiß das Spiel im Nu zum Königsflügel. Der Turm auf der
fünften Reihe wird dort eingreifen und die geöffnete Diagonale b1 nach h7
spielt im weiteren Verlauf eine große Rolle.} ({In Betracht kam auch} 20. Bb6
$1 Qa8 21. Qxa2 Bxa2 22. Rxa5 Qc8 23. Rxa2 {Weiß hat Turm und zwei
Leichtfiguren für die Dame und wird sicher auch den Bauern b7 erobern.}) 20...
exd4 21. Nxd4 Bg8 22. Rh5 {Neben 23.Se6 ist nun auch 23.Le4 eine starke
Drohung.} (22. Nf5 $5) 22... Nc4 23. Be4 $2 {Zu hastig, denn nun konnte
Schwarz entkommen.} (23. Qxa2 $5 Nxe3 24. Qa4 {mit Qualitätsgewinn.}) (23. Ne6
$5 Qe8 24. Nf4 g5 25. Ng6+ Kg7 26. Nxf8 Kxf8 27. Rxh7 Bxh7 28. Qxa2 Nxe3 29.
fxe3 Bb4 30. Rd1 Qxe3+ 31. Kh1 {war ebenfalls eine Option für Weiß.}) 23... h6
$2 (23... Nxe3 24. Bxh7 Ng4 25. Bxg8+ Kxg8 26. Qxa2+ $18) ({Mit} 23... Ra5 {
konnte Schwarz den angegriffenen Turm mit Tempo in Sicherheit bringen, nach
beispielsweise} 24. Rh3 {geht} Nxe3 25. fxe3 h6 $11) 24. Bxh6 gxh6 25. Qc1 $2 (
{Es gewann forciert} 25. Rxh6+ Kg7 26. Nf5+ Kf7 27. Qxa2 Ke8 28. Ng7+ Kf7 29.
Qxc4+ Kxg7 30. Rg6+ Kh8 31. Rxg8+ Rxg8 32. Qf7 Rg7 33. Qh5+ Kg8 34. Bd5+ $18)
25... Rf7 $2 ({Mit} 25... Nd2 {konnte Schwarz noch etwas Gegenwehr leisten:}
26. Rxh6+ Kg7 27. Nf5+ Kf7 28. Rd1 Qa5 29. Rh5 Ba3 (29... Qa3 30. Qxa3 Bxa3 31.
Bd5+ $18) 30. Nd6+ Ke7 31. Rxa5 Bxc1 32. Nf5+ Kd7 33. Rxa2 Bxa2 34. Bc2 Bc4 35.
Nd4 Bb2 36. Rxd2 $18 {Die Freibauern am Königsflügel sollten sich gegen das
Läuferpaar durchsetzen.}) 26. Qxh6+ Bh7 27. Bxh7 Bf8 28. Qg6 Rg7 29. Ne6 1-0

[Event "Corus-C"]
[Site "Wijk aan Zee"]
[Date "2008.01.13"]
[Round "2"]
[White "Braun, Arik"]
[Black "Negi, Parimarjan"]
[Result "1-0"]
[WhiteElo "2536"]
[BlackElo "2526"]
[Annotator "CB"]
[PlyCount "61"]
[EventDate "2008.01.12"]
[EventType "tourn"]
[EventRounds "13"]
[EventCountry "NED"]
[EventCategory "10"]
[SourceTitle "CBM 122"]
[Source "ChessBase"]
[SourceDate "2008.01.30"]
[SourceVersion "1"]
[SourceVersionDate "2008.01.30"]
[SourceQuality "1"]

1. Nf3 Nf6 2. c4 c5 3. Nc3 d5 4. cxd5 Nxd5 5. g3 Nc6 6. Bg2 Nc7 7. O-O e5 8. a3
f6 9. Rb1 {Diagramm [#]} ({Die übliche Fortsetzung ist} 9. e3) 9... c4 $2 {
Schwarz hat seine Entwicklung um einige Züge zurückgestellt um die Kontrolle
über das Zentrum zu übernehmen.Statt diesen strategische Vorteil nun zu
befestigen,erleichtert Negi mit seinem letzten Zug auch noch die Beseitigung
seines c-Bauern.} ({Nach} 9... a5 {Wäre die schwarze Struktur befestigt,denn
die Idee einen Durchbruch mit} 10. e3 {vorzubereiten,scheitert nun einfach an}
Bf5) 10. b3 Bf5 11. Ra1 ({Energischer wäre} 11. e4 Be6 12. bxc4 Bxc4 13. Re1
Rb8 14. Bb2 {nebst Tc1 und Ideen wie Sc3-d5 und d2-d4 die den
Entwicklungsvorsprung zur Geltung bringen.}) 11... cxb3 12. Qxb3 Qd7 13. Rd1 $1
{Bereitet die Öffnung des Zentrums vor,gegen die Schwarz nichts mehr
unternehmen kann.} Bc5 14. e3 Be6 (14... Bd3 15. Ne1 Na5 16. Qb2 Bf5 17. d4 $36
) 15. Qc2 Bf5 16. Qa4 ({Konsequenter wäre} 16. Ne4 Bb6 17. Bb2 O-O 18. d4 exd4
19. Nxd4 $16) 16... Rd8 17. d4 {Diagramm [#] Da der schwarze König sich immer
noch in der Gefahrenzone befindet ist dies der Anfang vom Ende} exd4 18. exd4
Nxd4 19. Qc4 Nce6 20. Be3 b5 21. Qa2 Bg4 22. Nxd4 Bxd4 23. Rd2 Qc8 24. Bxd4
Nxd4 25. Re1+ Kf8 26. Qb2 Qc4 27. Nxb5 Ne6 28. Rxd8+ Nxd8 29. Nd6 Qa4 30. Qb8
Qd7 31. Bc6 1-0

[Event "USA-ch"]
[Site "Saint Louis"]
[Date "2014.05.12"]
[Round "5"]
[White "Ramirez Alvarez, Alejandro"]
[Black "Molner, Mackenzie"]
[Result "1-0"]
[WhiteElo "2595"]
[BlackElo "2522"]
[Annotator "CB"]
[PlyCount "92"]
[EventDate "2014.05.08"]
[EventType "tourn"]
[EventRounds "11"]
[EventCountry "USA"]
[EventCategory "15"]
[SourceTitle "CBM 161"]
[Source "ChessBase"]
[SourceDate "2014.07.16"]
[SourceVersion "1"]
[SourceVersionDate "2014.07.16"]
[SourceQuality "1"]
[WhiteClock "0:12:59"]
[BlackClock "0:07:39"]

1. Nf3 c5 2. c4 Nf6 3. Nc3 d5 4. cxd5 Nxd5 5. g3 Nc6 6. Bg2 Nc7 7. d3 e5 8. O-O
Be7 9. Nd2 O-O 10. Bxc6 bxc6 11. Nc4 Bh3 12. Nxe5 $146 {Previously 12.Re1 had
been played in two games, with a win for White and one for Black.} Bf6 13. Nxc6
Qd7 14. Na5 Bxf1 15. Qxf1 Rab8 16. Nd1 Rfe8 17. Nc4 Nd5 18. Be3 Nxe3 19. fxe3
Re6 20. Rc1 Ra6 21. a3 h5 22. Qf4 Re8 23. Nf2 h4 24. Ne4 Rc6 25. g4 Bd8 $2 ({
With rook and bishop for two knights and two pawns} 25... Qe7 {or}) (25... h3 {
would have given Black fighting chances.}) 26. Ne5 {A knight fork, not easy to
overlook.} Rxe5 27. Qxe5 Qxg4+ 28. Kf2 Re6 {Perhaps Molner believed that this
broung him adaquate compensation.} 29. Qf4 Qh3 30. Rxc5 Be7 31. Qb8+ Kh7 32.
Rh5+ Rh6 33. Rxh6+ Kxh6 34. Qf4+ {and with his two extra pawns Ramirez had no
difficulty taking the full point.} Kg6 35. Ke1 f5 36. Nd2 Bg5 37. Qd6+ Kh5 38.
Nf3 Bxe3 39. Qe7 Bh6 40. Qxa7 Qg4 41. b4 Qf4 42. Qf7+ Kg4 43. Qc4 Kh3 44. a4
Qg4 45. Qc5 Bf4 46. Qf2 Bg3 1-0